000 00425nam a22001697a 4500
003 CEME
005 20210628202933.0
008 210415b xxu||||| |||| 00| 0 eng d
020 _a81-224-0335-2
040 _c.
082 _a519.5 PRO'B
100 _aBahadur, R. R
_962410
245 _aProbability statistics and design of experiments
260 _aNEWDELHI
_bWILLY EASTERN
_c1991
300 _a736P
942 _cBK
_2ddc
999 _c571525
_d571525